Satellite (Lena) - lyrics - Statistics

General Stats
  • This quiz has been taken 23 times
  • The average score is 280 of 354
Answer Stats
Answer % Correct
A
100%
An
100%
Can't
100%
Go
100%
I
100%
I,
100%
Love
100%
Love,
100%
Oh
100%
Without
100%
You
100%
For
94%
In
94%
Your
94%
About
88%
And
88%
Did
88%
Even
88%
Hair
88%
It
88%
Just
88%
Like
88%
Minute
88%
My
88%
Satellite
88%
The
88%
Cause
82%
Day
82%
Everywhere
82%
Feel
82%
I'm
82%
Blue
76%
Got
76%
Other
76%
Around
71%
Nails
71%
Night
71%
Or
71%
Orbit
71%
Tell
71%
Underwear
71%
Way
71%
Would
71%
All
65%
Have
65%
How
65%
Know
65%
On
65%
Out
65%
Went
65%
Light
59%
Painted
59%
Toe
59%
Gonna
53%
Gotta
53%
Into
53%
Is
53%
nails
53%
New
53%
Where
53%
Are
47%
Bought
47%
Either
47%
Fall
47%
Fight
47%
I'd
47%
It's
47%
No
47%
They're
47%
Arrow
41%
Cupid's
41%
Me
41%
Any
35%
Cruel
35%
Follow
35%
Sweet
35%
True
35%
Wore
35%
Wouldn't
35%
Bad
29%
Porch
29%
Straight
29%
Whether
29%
Aim
24%
Best
24%
Em
24%
Escape
24%
More
24%
Sad
24%
Sometimes
24%
Than
24%
There's
24%
Left
18%
Make
18%
Take
18%
Force
12%
Gravity
12%
Physics
12%
Powerful
12%
Saved
12%
Fast
6%
Slow
6%
We'll
6%
Pace
0%
Set
0%
No matching quizzes found
Score Distribution
Percent of People with Each Score
Percentile by Number Answered
Your Score History
You have not taken this quiz